Využitie poznatkov psychológie v teórii a praxi manažmentu bakalárska práca

Saved in:
Bibliographic Details
Main Author: Jakubová, Gabriela
Corporate Author: Fakulta podnikového manažmentu EU. Katedra manažmentu
Other Authors: Szarková, Miroslava, 1951-
Format: Book
Language:Slovak
Published: Bratislava 2009
Tags: Add Tag
No Tags, Be the first to tag this record!

MARC

LEADER 00000nam$a2200000$$$4500
001 0103213
005 20240320075548.0
041 0 |a slo 
044 |a SK 
245 1 0 |a Využitie poznatkov psychológie v teórii a praxi manažmentu  |b bakalárska práca  |c Gabriela Jakubová ; škol. Miroslava Szarková 
264 1 |a Bratislava  |c 2009 
300 |a 34 s. 
100 1 |a Jakubová, Gabriela 
700 1 |a Szarková, Miroslava, 1951- 
710 2 |a Fakulta podnikového manažmentu EU. Katedra manažmentu